Errors in tensile strength testing (Record no. 58761)

MARC details
000 -LEADER
fixed length control field 00326nam a2200133Ia 4500
100 ## - MAIN ENTRY--AUTHOR NAME
Personal name Davies O L
245 #0 - TITLE STATEMENT
Title Errors in tensile strength testing
260 ## - PUBLICATION, DISTRIBUTION, ETC. (IMPRINT)
Name of publisher IRI Transactions
Year of publication 1936
300 ## - PHYSICAL DESCRIPTION
Number of Pages 85-92
650 ## - SUBJECT ADDED ENTRY--TOPICAL TERM
Topical Term Tensile strength
700 ## - ADDED ENTRY--PERSONAL NAME
Personal name Horrobin S
942 ## - ADDED ENTRY ELEMENTS (KOHA)
Koha item type Journals
Holdings
Withdrawn status Lost status Damaged status Not for loan Home library Current library Shelving location Date acquired Serial Enumeration / chronology Koha item type
      Journals RRII Library RRII Library Rubber chemistry 17/12/2021 Volume 12, Issue 1 Journals